Expenditure trends in OECD countries 1960- 1980
Gespeichert in:
| Format: | Buch |
|---|---|
| Sprache: | Undetermined |
| Veröffentlicht: |
Paris
OECD
1972
|
| Schlagworte: | |
| Tags: |
Tag hinzufügen
Keine Tags, Fügen Sie den ersten Tag hinzu!
|
| Thư viện lưu trữ: | Trung tâm Học liệu Trường Đại học Cần Thơ |
|---|
| LEADER | 00504nam a2200157Ia 4500 | ||
|---|---|---|---|
| 001 | CTU_82074 | ||
| 008 | 210402s9999 xx 000 0 und d | ||
| 082 | |a 339.3 | ||
| 082 | |b E94 | ||
| 245 | 0 | |a Expenditure trends in OECD countries 1960- 1980 | |
| 260 | |a Paris | ||
| 260 | |b OECD | ||
| 260 | |c 1972 | ||
| 650 | |a Consumption (economics),Gross national product.,Organisation for economic co-operation and development. | ||
| 904 | |i Trọng Hải | ||
| 980 | |a Trung tâm Học liệu Trường Đại học Cần Thơ | ||